000 00667nam a22001817a 4500
003 UA-OsUOA
001 14495
007 ta
008 20031006b un ||||| |||| 00| 0 ukr d
100 _aТубіна С.
942 _cSA
040 _aUA-OsUOA
_cUA-OsUOA
_dUA-OsUOA
245 _aПерлині цій засяяти пора :[Прес-тур для рівнен. журналістів проліг до Дубна , сіл Тараканів та Мирогощу Дубен р-ну]
300 _aС.1
955 _a0
773 0 _w0
_tВісті Рівненщини
_dРівне
_d2003
_g№80/26 верес./
650 7 _aКраєзнавча робота
_2UDC
999 _c300656
_d300656